<?xml version="1.0" encoding="UTF-8"?><?xml-stylesheet type="text/xsl" href="static/style.xsl"?><OAI-PMH xmlns="http://www.openarchives.org/OAI/2.0/" xmlns:xsi="http://www.w3.org/2001/XMLSchema-instance" xsi:schemaLocation="http://www.openarchives.org/OAI/2.0/ http://www.openarchives.org/OAI/2.0/OAI-PMH.xsd"><responseDate>2026-06-01T10:35:32Z</responseDate><request verb="GetRecord" identifier="oai:riuma.uma.es:10630/16774" metadataPrefix="marc">https://riuma.uma.es/rest/oai/request</request><GetRecord><record><header><identifier>oai:riuma.uma.es:10630/16774</identifier><datestamp>2026-02-03T12:11:50Z</datestamp><setSpec>com_10630_2254</setSpec><setSpec>col_10630_37959</setSpec></header><metadata><record xmlns="http://www.loc.gov/MARC21/slim" xmlns:dcterms="http://purl.org/dc/terms/" xmlns:doc="http://www.lyncode.com/xoai" xmlns:xsi="http://www.w3.org/2001/XMLSchema-instance" xsi:schemaLocation="http://www.loc.gov/MARC21/slim http://www.loc.gov/standards/marcxml/schema/MARC21slim.xsd">
   <leader>00925njm 22002777a 4500</leader>
   <datafield ind2=" " ind1=" " tag="042">
      <subfield code="a">dc</subfield>
   </datafield>
   <datafield ind2=" " ind1=" " tag="720">
      <subfield code="a">Mayorga-Chamorro, José Ignacio</subfield>
      <subfield code="e">author</subfield>
   </datafield>
   <datafield ind2=" " ind1=" " tag="260">
      <subfield code="c">2018-10-30</subfield>
   </datafield>
   <datafield ind2=" " ind1=" " tag="520">
      <subfield code="a">Pedro López Calderón es un pintor novohispano poco conocido, que está siendo objeto de un estudio monográfico en la investigación doctoral de la que parte esta comunicación. Su obra, dispersa por buena parte del territorio mexicano, es mayoritariamente sacra, habiendo realizado numerosos encargos para diferentes órdenes religiosas. Dentro de su repertorio temático -acorde a los principios de la Contrarreforma católica- abundan las representaciones marianas y de los santos. Y dentro de estas, sorprende la presencia de iconografías hasta ahora desconocidas o poco frecuentes del otro lado del Atlántico.</subfield>
   </datafield>
   <datafield ind1="8" ind2=" " tag="024">
      <subfield code="a">MAYORGA CHAMORRO, José Ignacio (2018), "Intercambios iconográficos por el Atlántico a través de la obra del pintor barroco novohispano Pedro López Calderón" en MORENO-ANDRÉS, Javier, BOLADO-PENAGOS, Marina; SÁNCHEZ-GARCÍA, Fini, JEREZ-CEPA, Ismael, SIMÓN-DÍAZ, Marisol, PÉREZ-MIGUEL, Marta; GARRIDO, Carmen, GONZÁLEZ GORDILLO, J. IgnacioI, "Congreso de Jóvenes Investigadores del Mar. Libro de resúmenes", Universidad de Cádiz, pp. 22-224, ISBN: 978-84-09-05170-0.</subfield>
   </datafield>
   <datafield ind1="8" ind2=" " tag="024">
      <subfield code="a">https://hdl.handle.net/10630/16774</subfield>
   </datafield>
   <datafield tag="653" ind2=" " ind1=" ">
      <subfield code="a">Pintura barroca - Iconografía</subfield>
   </datafield>
   <datafield tag="653" ind2=" " ind1=" ">
      <subfield code="a">López Calderón, Pedro - Crítica e interpretación</subfield>
   </datafield>
   <datafield tag="653" ind2=" " ind1=" ">
      <subfield code="a">Pintura mexicana - S. XVIII</subfield>
   </datafield>
   <datafield ind2="0" ind1="0" tag="245">
      <subfield code="a">Intercambios iconográficos por el Atlántico a través de la obra del pintor barroco novohispano Pedro López Calderón</subfield>
   </datafield>
</record>
</metadata></record></GetRecord></OAI-PMH>